Central Library OPAC University of Rajshahi

شخصيات قلقة في الاسلام ;; shakhsiaat qaliqat fi al Islam/ (Record no. 78998)

MARC details
000 -LEADER
fixed length control field 01008nam a2200253 a 4500
001 - CONTROL NUMBER
control field 78998
003 - CONTROL NUMBER IDENTIFIER
rucl marc code BD-RjUL
005 - DATE AND TIME OF LATEST TRANSACTION
control field 20211215103752.0
008 - FIXED-LENGTH DATA ELEMENTS--GENERAL INFORMATION
fixed length control field 211214s1946 ua 000 0 ara d
035 ## - SYSTEM CONTROL NUMBER
System control number (BD-RjUL)78998
040 ## - CATALOGING SOURCE
Original cataloging agency HUJI
Language of cataloging ara
Transcribing agency BD-RjUL
041 0# - LANGUAGE CODE
Language code of text/sound track or separate title ara
082 ## - DEWEY DECIMAL CLASSIFICATION NUMBER
Edition number 23
Classification number 297.4
Author mark and year BAS 1946
100 1# - MAIN ENTRY--PERSONAL NAME
Personal name بدوي، عبد الرحمن ;; Badawi, Abdul Rahman
9 (RLIN) 187
245 10 - TITLE STATEMENT
Title شخصيات قلقة في الاسلام ;; shakhsiaat qaliqat fi al Islam/
Statement of responsibility, etc. دراسات الف بينها وترجمها عبد الرحمن بدوي ;; dirasat alf baynaha watarjamaha eabd alrahman biduay..
260 ## - PUBLICATION, DISTRIBUTION, ETC. (IMPRINT)
Place of publication, distribution, etc. القاهرة :
Name of publisher, distributor, etc. maktabat alnahdat almisriati,;; مكتبة النهضة المصرية,
Date of publication, distribution, etc. ١٩٤٦.;; 1946.
300 ## - PHYSICAL DESCRIPTION
Pagination ١٦٣ ص :163 ;
Illustrations ٢٤ سم.
490 1# - SERIES STATEMENT
Series statement dirasat aslamiat ;; دراسات اسلامية ؛
Volume/sequential designation ٣
650 #4 - SUBJECT ADDED ENTRY--TOPICAL TERM
Topical term or geographic name as entry element Islam
9 (RLIN) 188
Topical term or geographic name as entry element Sufism
9 (RLIN) 176
830 #0 - SERIES ADDED ENTRY--UNIFORM TITLE
Uniform title دراسات اسلامية ؛
Volume number/sequential designation ٣.
942 ## - ADDED ENTRY ELEMENTS (KOHA)
Source of classification or shelving scheme Dewey Decimal Classification
Koha item type Books
990 ## - EQUIVALENCES OR CROSS-REFERENCES [LOCAL, CANADA]
Link information for 9XX fields universities
Holdings
Lost status Source of classification or shelving scheme Damaged status Not for loan Collection code Permanent Location Current Location Shelving location Date acquired Source of acquisition Cost, normal purchase price Total Checkouts Full call number Date last seen Copy number Koha item type
  Dewey Decimal Classification   Not For Loan Non-fiction Central Library, University of Rajshahi Central Library, University of Rajshahi Reading Room 16/09/1968 zeitlinger 41.00   A 297.4 BAS 1946 15/12/2021 C-1 Books